000 00701nam a2200277Ia 4500
003 OSt
005 20221006144318.0
006 a|||||r|||| 00| 0
007 ta
008 221006b |||||||| |||| 00| 0 eng d
024 _a11,401
037 _cTextual
040 _aEASL
_cEASL
_beng
041 _2eng
_aeng
082 _aU8.41.N42, H2
100 _aKARAKA D F
_9102232
245 0 _aChungking diary
260 _aBombay
_bThacker & CO.
_c1942
300 _a168p.
_ccm.
490 _v CEL
650 _a CEL
650 _a China - Chungking
_9651571
650 _aChina - Dairy
_9651572
942 _hU8.41.N42, H2
_cTEXL
_2CC
999 _c1079487
_d1079487